| 000 | 00664nam a22002057a 4500 | ||
|---|---|---|---|
| 005 | 20161206124146.0 | ||
| 010 | _aENG-116750 | ||
| 020 |
_a9788184845105 _c880.00 |
||
| 035 | _aEN-100282 | ||
| 037 | _bDBAD/PUB | ||
| 082 | _a303.66 | ||
| 245 |
_aManaging peace and conflict : _cby Johan Zechariah [and] John Chelladurai _bcurrent issues, violation [and] remedies / |
||
| 260 |
_aNew Delhi _bRegal Publications _c2016 |
||
| 270 |
_aF-159 Rajouri Garden _bNew Delhi _e110027 |
||
| 300 |
_axxv,183p.: _c23cm(Hb) _bill |
||
| 500 | _aIncludes index | ||
| 700 | _aZechariah,John | ||
| 700 | _a Chelladurai,John | ||
| 942 |
_2ddc _cEN _h303.66 _mMAN |
||
| 999 |
_c104984 _d104984 |
||